| 000 | 01640nam a2200289Ia 4500 | ||
|---|---|---|---|
| 003 | OSt | ||
| 005 | 20210818121834.0 | ||
| 008 | 210310s1960 ck ad gr 000 0 spa d | ||
| 040 |
_aCO-JMCR _cCO-JMCR |
||
| 041 | 1 |
_aspa _heng |
|
| 082 | 0 | 4 |
_a332.401 / _bH249t _223 |
| 100 | 1 |
_aHansen, Alvin H., _eautor _927540 |
|
| 245 | 0 |
_aTeoría monetaria y política fiscal / _cAlvin H. Hansen ; traducción de Alena Justic de Flores y Horacio Flores de la Peña |
|
| 250 | _aSegunda edición | ||
| 260 |
_aBogotá : _bFondo de Cultura Económica, _c1960. |
||
| 300 |
_a257 páginas : _bilustraciones y gráficas en blanco y negro ; _c21 cm. |
||
| 490 | 0 | _aSección de obras de Economía : | |
| 501 | _aCon: notas a pie de página. | ||
| 504 | _aBibliografía : páginas 250-252 | ||
| 505 | 0 | _aLa relación entre la cantidad de dinero y el momento de los ingresos a través de la historia. -- La "creación" de dinero. -- La teoría cuantitativa y su versión marshalliana. -- La preferencia por la liquidez, la inversión y el consumo. -- El ingreso y la tasa de interés. -- La teoría del ingreso. -- Las funciones de costo, la ocupación y los precios. -- Salarios y precios. -- La teoría Keinesiana del dinero y de los precios. -- Ojeada histórica a los precios. -- La política monetaria y fiscal en la inflación posbélica. -- Función del dinero en la política fiscal. | |
| 650 | 1 | 4 |
_aDinero _938632 |
| 650 | 2 | 4 |
_aPolítica económica _939469 |
| 650 | 2 | 4 |
_aPregunta de moneda _939462 |
| 700 | 1 |
_aJustic de Flores, Alena, _etraductora _939470 |
|
| 700 | 1 |
_aFlores de la Peña, Horacio, _etraductora _937534 |
|
| 942 |
_2ddc _cBK |
||
| 999 |
_c12190 _d12190 |
||